[Event "2024 Summer TNM: 1600-1999"]
[Site "San Francisco"]
[Date "2024.06.04"]
[Round "5.22"]
[White "Moisselin, Simon"]
[Black "Horde, Nicolas"]
[Result "1/2-1/2"]
[WhiteElo "1582"]
[BlackElo "1658"]
[Annotator "Horde,Nicolas"]
[PlyCount "121"]
[GameId "2053522758058521"]
[EventDate "2024.05.07"]
[EventType "swiss"]
[EventRounds "7"]
[EventCountry "USA"]

1. e4 e5 2. Nf3 Nc6 3. Nc3 Nf6 4. d4 exd4 5. Nxd4 Bb4 6. Nxc6 bxc6 7. Bd3 d5 8. Bd2 {Not bad but a little passive as the bishop wants to eventually lands on g5} O-O 9. f3 $2 {This looked wrong and I spent some time to find the best move. There's no clear tactics, White is just landing Black an easier position} Re8 (9... Bc5 10. Na4 {That's the move I could not find a refutation deep enough} Bd6 $1 11. O-O dxe4 12. fxe4 Nxe4 13. Bxe4 $4 Qh4 $1 {And Black will be up a pawn with a good initiative}) 10. O-O Bc5+ {The main idea is Nh5-Ng3 and White is getting mated along the h file} 11. Kh1 a5 {The idea is just to prevent Na4, my DSB is my best piece in this structure} 12. Bg5 Qd6 $5 {It loses a pawn by force but gives Black a lot of compensation. I also have a lot of experience in those positions and I know even if White gets the c pawn for free it's still fine} 13. Bxf6 Qxf6 14. exd5 Re5 $6 {Idea is just Rh4 and sac on h2 but it fails due Ne4} (14... cxd5 15. Nxd5 Qh6 $1 {I really hesitated to play that move, in retrospect it just made sense} 16. Nxc7 $4 Bd6 $1) 15. f4 (15. Ne4 Qh4 16. Nxc5 Rh5 17. Kg1 Qxh2+ 18. Kf2 {White escapes but Black maintains the initiative while down a piece} Qh4+) 15... Re3 $1 16. Ne4 $1 {To be honest I just missed this idea} Qd4 (16... Rxe4 17. Bxe4 cxd5 18. Qxd5 {And black can resign}) 17. dxc6 $4 {The next 6 moves are almost forced} Rxe4 $1 18. Bxe4 Qxe4 19. Qd8+ Bf8 20. Rae1 Qxc6 21. Re8 Qc5 $1 22. Rfe1 Bb7 $1 {That's what I saw after Re4, White is forced to retreat. I wasn't convinced if I were winning due to the bishop on f8 but it turns out it's -4 (!)} 23. Qd2 Rxe8 24. Rxe8 Qd5 $4 (24... Qb5 $3 {Threatens b2, e8 and f2#. That was my first candidate and I discarded because I thought there was mate in 2 and I saw big ghost} 25. Rxf8+ Kxf8 26. Qd8+ {That's where I stopped my calculation because the king was on g8 and I was mated (...)} Qe8 $1 {And White is lost}) 25. Qxd5 Bxd5 {We enter an interesting endgame that is objectively equal but only Black can push for a win without any risks.} 26. a3 g6 27. Rc8 c6 (27... c5 $1 {Both pawns are defended and the idea is just c4 - c3}) 28. Ra8 Kg7 29. Rxa5 Be4 30. c3 (30. Ra4 $1 f5 (30... Bxc2 31. Rc4 Bb3 32. Rxc6 {And White has the initiative now})) 30... Bd6 31. Kg1 $2 Bxf4 32. g3 Be3+ 33. Kf1 {I considered 3 plans now: h5 to push my kingside majority, Bd3 to trap the king or c5 - c4 to block the queenside pawns} Bd3+ (33... f5 {More precise}) 34. Ke1 {The king is stuck on the first row} h5 (34... c5) 35. b4 $2 (35. a4 {White needs to seek counterplay to stay alive}) 35... Kh6 (35... Kf6 36. a4 Bg1 37. h3 Ke6 38. Kd2 Bc4) 36. Re5 Bg1 37. Kd2 Bb5 $1 38. h3 f5 {Not the strongest} (38... Bh2 39. Re3 h4 $4 40. gxh4 $4 (40. Re1 hxg3) (40. g4 Bf4 $1) (40. Re7 hxg3) 40... Bf4 $1) 39. Re1 Bf2 40. Ra1 Ba4 41. g4 hxg4 42. hxg4 fxg4 $6 {It's still winning but invites unnecessary complications} (42... f4 {Just an improvement over the game, I was down to 10 minutes on the clock and started losing lucidity}) 43. Ke2 g3 44. c4 Bd4 45. Rh1+ Kg5 46. Kf3 Be5 47. Rb1 Kf5 48. b5 cxb5 49. cxb5 Bc2 50. Rb4 Bd6 51. Rc4 Bd1+ 52. Kg2 Be2 53. Rd4 Bxa3 $4 {I am low on time and did not realize the b pawn is indirectly defended at the end of the variation} (53... Bf4 54. a4 Kg4 {Bf3 follows and the pawn will promote}) 54. Kxg3 Ke5 {That's when I realized I messed again and it's a draw now} (54... Bxb5 $4 55. Rd5+ {And it's a draw}) 55. Ra4 Bd6 56. Kf2 Bd3 57. Ke3 Bf5 58. Rc4 Ke6 59. b6 g5 60. b7 Ke7 61. Rc1 {Black will sacrifice the DSB on b8 then Black will sac the rook on the g pawn so we agreed on a draw. I had 1 small shot in the opening, 1 massive in the middlegame then too many to count in the engame, if I can't convert I don't deserve to win.} 1/2-1/2

[Event "2024 Summer TNM: 1600-1999"]
[Site "San Francisco"]
[Date "2024.06.04"]
[Round "5.23"]
[White "Crompton, Robert"]
[Black "Casares, Nick Jr"]
[Result "1-0"]
[WhiteElo "1607"]
[BlackElo "1600"]
[PlyCount "77"]
[GameId "2053409329455146"]
[EventDate "2024.05.07"]
[EventType "swiss"]
[EventRounds "7"]
[EventCountry "USA"]

1. e4 e5 2. Nf3 Nc6 3. Bb5 a6 4. Ba4 Nf6 5. O-O Bc5 6. c3 b5 7. Bb3 Na5 8. Nxe5 Nxb3 9. Qxb3 O-O 10. d4 Ba7 11. Nd2 Bb7 12. Re1 d6 13. Nd3 Re8 14. e5 Bd5 15. Qd1 dxe5 16. Nxe5 c5 17. Nb3 Rc8 18. Be3 c4 19. Nd2 Bb8 20. Bg5 Qd6 21. Bh4 Re6 22. Bg3 Qb6 23. Nef3 Rce8 24. Rxe6 Rxe6 25. Bxb8 Qxb8 26. Ne5 Qb7 27. Qf1 Nd7 28. Ng4 Rg6 29. Ne3 Be6 30. f3 Nf6 31. Kh1 Nh5 32. Ne4 Qb8 33. Nc5 Rh6 34. Qe1 Ng3+ 35. Kg1 Nf5 36. Ng4 Rf6 37. Nxf6+ gxf6 38. Nxe6 fxe6 39. Qxe6+ 1-0

[Event "2024 Summer TNM: 1200-1599"]
[Site "San Francisco"]
[Date "2024.06.04"]
[Round "5.24"]
[White "Boyer, John"]
[Black "Little, John"]
[Result "1-0"]
[WhiteElo "1533"]
[BlackElo "1282"]
[PlyCount "105"]
[GameId "2053409329459243"]
[EventDate "2024.05.07"]
[EventType "swiss"]
[EventRounds "7"]
[EventCountry "USA"]

1. c4 Nf6 2. Nc3 d5 3. d4 e6 4. Nf3 c5 5. e3 Nc6 6. cxd5 exd5 7. Be2 Bd6 8. O-O O-O 9. Qc2 a6 10. Rd1 Bg4 11. dxc5 Be7 12. h3 Bh5 13. a3 Bg6 14. Qb3 Na5 15. Qa2 Bc2 16. Rd2 Bb3 17. Qb1 Bxc5 18. Qf5 Qc8 19. Qxc8 Raxc8 20. Bd1 b5 21. Nd4 Bxd4 22. Rxd4 Rfd8 23. Bf3 Bc4 24. Bd1 Bb3 25. Bd2 Bxd1 26. Rxd1 Nb3 27. Rd3 Ne4 28. Be1 Nxc3 29. Bxc3 a5 30. Rxd5 Rxd5 31. Rxd5 f6 32. Rxb5 a4 33. Kf1 Kf8 34. Rb7 h6 35. Ra7 Rc4 36. Ke1 Kg8 37. Ke2 Nc5 38. Rc7 Kh7 39. Bxf6 Rc2+ 40. Kf3 Rxf2+ 41. Kxf2 Ne4+ 42. Ke2 Nxf6 43. Rc4 Nd7 44. Rxa4 Kg6 45. b4 Kf6 46. b5 Ke5 47. Ra7 Kd6 48. Rxd7+ Kxd7 49. a4 Kc7 50. e4 Kb6 51. e5 Ka5 52. e6 Kxa4 53. b6 1-0

[Event "2024 Summer TNM: 1200-1599"]
[Site "San Francisco"]
[Date "2024.06.04"]
[Round "5.25"]
[White "D'Mello, Sanjay"]
[Black "Horowitz, Phineas F"]
[Result "0-1"]
[WhiteElo "1422"]
[BlackElo "1340"]
[PlyCount "72"]
[GameId "2053409329459244"]
[EventDate "2024.05.07"]
[EventType "swiss"]
[EventRounds "7"]
[EventCountry "USA"]

1. e4 c5 2. Bc4 e6 3. Nc3 g6 4. Nf3 Bg7 5. O-O Nc6 6. d3 a6 7. a4 Nge7 8. Bg5 h6 9. Bh4 O-O 10. Re1 d6 11. Qd2 Qd7 12. a5 b5 13. axb6 d5 14. Na4 dxc4 15. Nxc5 Qe8 16. b7 Bxb7 17. Nxb7 Qb8 18. Nc5 Qxb2 19. Reb1 Qc3 20. Qxc3 Bxc3 21. Rxa6 Rxa6 22. Nxa6 g5 23. Bg3 Ra8 24. Nc5 Ra2 25. dxc4 Rxc2 26. Nd7 Nd4 27. Bd6 Nxf3+ 28. gxf3 Ng6 29. e5 Nh4 30. Nf6+ Kg7 31. f4 Bd4 32. Ne4 Re2 33. c5 Rxe4 34. c6 Re2 35. Rc1 Rxf2 36. Ba3 Nf3+ 0-1

[Event "2024 Summer TNM: 1200-1599"]
[Site "San Francisco"]
[Date "2024.06.04"]
[Round "5.26"]
[White "Fisher, Brett"]
[Black "Clark, Drew H"]
[Result "0-1"]
[WhiteElo "1365"]
[BlackElo "1316"]
[Annotator "Winslow,Elliott"]
[PlyCount "86"]
[GameId "2053409329467437"]
[EventDate "2024.05.07"]
[EventType "swiss"]
[EventRounds "7"]
[EventCountry "USA"]

1. d4 Nf6 2. c4 e6 3. Nc3 Bb4 4. Bd2 d6 5. a3 Bxc3 6. Bxc3 Nc6 7. Nf3 O-O 8. e3 Re8 9. Bd3 Bd7 10. O-O e5 11. d5 Ne7 12. Qc2 c6 13. e4 Bg4 14. Be2 Ng6 15. h3 Bd7 16. Bb4 c5 17. Bd2 Nh5 {[#]} 18. Nxe5 $4 Rxe5 19. f4 Ng3 $1 $19 20. fxe5 Nxe2+ 21. Kh2 Qh4 22. Qd3 Nef4 23. Bxf4 Nxf4 24. Qe3 dxe5 25. Rf3 b6 26. Raf1 Kh8 27. Qc3 f6 28. b4 g5 29. bxc5 bxc5 30. Qb3 g4 31. Re3 Rg8 32. Rg1 g3+ 33. Rxg3 Qxg3+ 34. Qxg3 Rxg3 35. Kxg3 Ne2+ 36. Kf2 Nxg1 37. Kxg1 Kg7 38. g4 Kg6 39. Kf2 h5 40. gxh5+ Kxh5 41. Kg3 Ba4 42. d6 Bd7 43. h4 a6 0-1

[Event "2024 Summer TNM: 1200-1599"]
[Site "San Francisco"]
[Date "2024.06.04"]
[Round "5.30"]
[White "Vazquez, Dominic A"]
[Black "Starr, Albert Martin"]
[Result "1/2-1/2"]
[WhiteElo "1251"]
[BlackElo "1500"]
[Annotator "Winslow,Elliott"]
[PlyCount "126"]
[GameId "2053409329467438"]
[EventDate "2024.05.07"]
[EventType "swiss"]
[EventRounds "7"]
[EventCountry "USA"]

1. e4 e5 2. Nf3 Nf6 3. Nc3 Bb4 4. d3 d5 5. exd5 Nxd5 6. Bd2 Nxc3 7. Bxc3 Bxc3+ 8. bxc3 O-O 9. Be2 Nc6 10. O-O b6 11. d4 e4 12. Ne5 Bb7 13. Re1 Re8 14. f4 Ne7 15. Bc4 Bd5 16. Qe2 Bxc4 17. Qxc4 Qd5 18. Qe2 f5 19. Reb1 a6 20. Rd1 b5 21. c4 bxc4 22. Qxc4 Qxc4 23. Nxc4 Nd5 24. g3 Rab8 25. Ne5 Rb2 26. Rdc1 Nc3 27. Kf2 Rxa2 28. Rxa2 Nxa2 29. Ra1 Nb4 30. c3 Nd5 31. c4 Nf6 32. h3 Ra8 33. Ra5 g6 34. Ke3 Kf8 35. g4 Rb8 36. Rxa6 Rb3+ 37. Kf2 e3+ 38. Ke2 Ne4 39. gxf5 Ng3+ 40. Kf3 e2+ 41. Kf2 Rb1 42. Nd3 Nxf5 43. d5 Nd4 44. Ne1 Rc1 45. Ra4 Nc2 46. Nxc2 Rxc2 47. Ke1 Ke7 48. Kf2 h5 49. Ke1 Kf6 50. Ra6+ Kf5 51. Rc6 Kxf4 52. Rxc7 Ke3 53. Re7+ Kd3 54. d6 Rc1+ 55. Kf2 Rf1+ 56. Kg3 Rf8 57. c5 Rd8 58. Kf2 Kd4 59. Rc7 {[#]} Kd5 $4 (59... Kd3 $8 $11) 60. Kxe2 $18 g5 61. Kf3 (61. d7) 61... Rf8+ 62. Kg3 Rd8 63. Kf3 (63. d7) 63... Rf8+ 1/2-1/2

[Event "2024 Summer TNM: 1200-1599"]
[Site "San Francisco"]
[Date "2024.06.04"]
[Round "5.31"]
[White "Bala, Ahir"]
[Black "Ahrens, Richard William"]
[Result "1-0"]
[WhiteElo "1312"]
[BlackElo "1094"]
[Annotator "Winslow,Elliott"]
[PlyCount "89"]
[GameId "2053409329467439"]
[EventDate "2024.05.07"]
[EventType "swiss"]
[EventRounds "7"]
[EventCountry "USA"]

1. e4 e5 2. Bc4 Nf6 3. d3 d5 4. exd5 Nxd5 5. Qf3 Be6 6. Nc3 Bb4 7. Bd2 c6 {[#]} (7... Bxc3) 8. a3 (8. Qg3) 8... Qa5 $6 9. Nge2 $16 Bxc3 10. Nxc3 Qd8 $18 (10... Qc7) 11. Nxd5 $2 (11. Qg3 $18) 11... cxd5 $14 12. Bb5+ {[#]} Nc6 $6 (12... Nd7 13. O-O (13. Qg3 O-O $1 14. Bxd7 Bxd7 15. Qxe5 $4 Re8 $19)) 13. Bb4 (13. Qg3 $1 O-O 14. Bxc6 bxc6 15. Qxe5 $16) 13... Qf6 (13... Qb6 $1 $11) 14. Qxf6 (14. Bxc6+ bxc6 15. Qg3 $16) 14... gxf6 $14 15. O-O (15. f4 $5) 15... a6 $2 (15... Rc8 $14 {/=}) 16. Ba4 $2 (16. Bxc6+ bxc6 17. f4) 16... b5 17. Bb3 a5 (17... d4 $11) 18. Bc5 Rg8 19. Rae1 (19. f4) 19... a4 (19... Kd7 $15) 20. Ba2 {[#]} Rd8 $2 (20... Kd7) 21. f4 $1 $16 Bh3 22. Rf2 Kd7 $2 23. Bxd5 $18 exf4 24. Bxf7 Rg5 {[#]} 25. Bb4 $6 (25. d4 $1 $18) 25... f3 26. g3 Bg2 $2 (26... Nxb4 27. axb4 Rf8 28. Ba2 Bg4 $16) 27. Bd2 (27. Be6+) (27. Bc3) 27... Re5 $1 28. Rxe5 fxe5 (28... Nxe5 29. Bh5 f5 30. Bxf3 $1 Bxf3 31. Bc3 $16 {/+-}) 29. Bd5 $18 Rf8 30. Be4 Nd4 31. Bxh7 $2 (31. Bc3 $18) (31. h4 $18) (31. c3 Ne2+ 32. Rxe2 fxe2 33. Bxg2 $18) 31... Ne2+ 32. Rxe2 fxe2 33. Kxg2 Rf1 34. h4 (34. d4 $1) 34... e1=Q 35. Bxe1 Rxe1 $11 36. Kf3 Rb1 37. g4 Rxb2 38. g5 Ke7 39. h5 b4 (39... Rxc2 $11) 40. g6 bxa3 41. g7 {[#]} Rb8 $4 $18 (41... a2 42. g8=Q a1=Q $11) 42. g8=Q Rxg8 43. Bxg8 a2 44. Bxa2 Kf6 45. Ke4 1-0

[Event "2024 Summer TNM: 1200-1599"]
[Site "San Francisco"]
[Date "2024.06.04"]
[Round "5.32"]
[White "Fitzgerald, William"]
[Black "Otterbach, Renate"]
[Result "0-1"]
[WhiteElo "1255"]
[BlackElo "949"]
[PlyCount "36"]
[GameId "2053409329471536"]
[EventDate "2024.05.07"]
[EventType "swiss"]
[EventRounds "7"]
[EventCountry "USA"]

1. e4 c5 2. Nf3 g6 3. c4 Bg7 4. d4 cxd4 5. Nxd4 d6 6. Nc3 Nc6 7. Be3 Ne5 8. f3 Nf6 9. Bd3 O-O 10. O-O Nfd7 11. Qc2 Nc5 12. Be2 Bd7 13. b3 Rc8 14. Qd2 Re8 15. f4 Nc6 16. Nxc6 Bxc6 17. Bxc5 dxc5 18. Qe3 Bd4 0-1

[Event "2024 Summer TNM: 1200-1599"]
[Site "San Francisco"]
[Date "2024.06.04"]
[Round "5.33"]
[White "Cao, Danny Du Uy"]
[Black "Fan, Timmy Qinnuo"]
[Result "1-0"]
[WhiteElo "1302"]
[BlackElo "1184"]
[Annotator "Cao,Danny Du Uy"]
[PlyCount "55"]
[GameId "2053195987752488"]
[EventDate "2024.05.07"]
[EventType "swiss"]
[EventRounds "7"]
[EventCountry "USA"]

1. d4 d5 2. Nf3 Nf6 3. c4 Bf5 4. e3 (4. Nh4) 4... e6 5. Qb3 (5. Nh4) 5... Qc8 (5... Nc6 6. cxd5 (6. Qxb7 Nb4 7. Qb5+ c6 8. Qa4 Nc2+ 9. Kd2 Nxa1 10. Qxc6+) 6... exd5 7. Qxb7 Nb4 8. Qb5+ c6 9. Qa4 Nc2+ 10. Kd2 Nxa1 11. Qxc6+) 6. Nc3 c6 7. Nh4 Bg6 8. Nxg6 hxg6 9. cxd5 exd5 10. Bd2 b6 11. Bd3 (11. Be2) (11. g3 Qc7 12. Bg2 Bd6 13. O-O) 11... Qc7 12. g3 (12. h3 Ng4 13. O-O-O (13. hxg4 Rxh1+) 13... Nxf2) (12. O-O-O Rxh2 13. Rxh2 Qxh2) (12. f4 Ng4 13. h3) 12... Bd6 13. O-O-O (13. f4) (13. O-O Ng4 14. h4) 13... Nbd7 (13... Ng4 14. Rdf1 (14. Be1 Rxh2 15. Rxh2 Nxh2) 14... Rxh2 15. Rxh2 Nxh2 16. Rh1) 14. f3 b5 15. Kb1 Qb7 16. e4 dxe4 17. Nxe4 (17. Rde1 Bxg3 18. hxg3 Rxh1 19. Rxh1 exd3 20. Rh8+) 17... Nxe4 18. fxe4 (18. Bxe4) (18. Rde1 Bxg3 19. Rxe4+ Kd8 20. Rg4 Bd6) 18... Rb8 {white 1 hour 10 min... black 49 min} 19. e5 Be7 20. e6 fxe6 21. Bxg6+ Kd8 (21... Kf8 22. Qxe6) 22. Ba5+ Kc8 (22... Nb6 23. Qxe6) 23. Qxe6 Bd8 {white 1 hour ...black 31 min} 24. Bxd8 Rxd8 (24... Kxd8 25. d5 Nf8 26. Qd6+ Qd7 27. dxc6 Qxd6 28. Rxd6+ Ke7 29. c7) 25. Rc1 Kc7 26. d5 Nf8 {white 48 min... black 29 min} 27. Rxc6+ Qxc6 28. Qxc6# {epaulette mate!} 1-0

[Event "2024 Summer TNM: u1200"]
[Site "San Francisco"]
[Date "2024.06.04"]
[Round "5.34"]
[White "Massop, Daniel"]
[Black "Braithwaite, Andrew"]
[Result "1-0"]
[WhiteElo "1075"]
[BlackElo "887"]
[PlyCount "79"]
[GameId "2053409329479730"]
[EventDate "2024.05.07"]
[EventType "swiss"]
[EventRounds "7"]
[EventCountry "USA"]

1. e4 c5 2. Nf3 g6 3. d4 cxd4 4. Nxd4 Nc6 5. Nc3 Bg7 6. Be3 Nf6 7. f3 d5 8. Bb5 Bd7 9. exd5 Nb4 10. Bc4 b5 11. Ndxb5 Bf5 12. Bb3 a6 13. Nd4 Bc8 14. Nde2 O-O 15. a3 Nbxd5 16. Nxd5 Qa5+ 17. Bd2 Qd8 18. Nxf6+ Bxf6 19. Bc3 Bxc3+ 20. Nxc3 Qb6 21. Qe2 Bb7 22. Qf2 Qf6 23. O-O Rfc8 24. Rad1 h5 25. Qd4 Qg5 26. Ne4 Bxe4 27. Qxe4 Qc5+ 28. Kh1 Kh7 29. Rd5 f5 30. Rxc5 fxe4 31. Rxc8 Rxc8 32. fxe4 Rd8 33. h3 Rd2 34. Rf7+ Kh6 35. Rxe7 h4 36. e5 Kg5 37. e6 Kf4 38. Rf7+ Ke3 39. e7 Rd7 40. e8=Q+ 1-0

[Event "2024 Summer TNM: u1200"]
[Site "San Francisco"]
[Date "2024.06.04"]
[Round "5.35"]
[White "Booth, Kyle Ewart Coventry"]
[Black "Carion, Anthony Patrick"]
[Result "1-0"]
[WhiteElo "772"]
[BlackElo "566"]
[Annotator "Booth,Kyle, Winslow,Elliott"]
[PlyCount "57"]
[GameId "2053190282121892"]
[EventDate "2024.05.07"]
[EventType "swiss"]
[EventRounds "7"]
[EventCountry "USA"]

1. e4 e5 2. Nf3 Nc6 3. Bb5 Nf6 4. O-O Bd6 5. Re1 O-O 6. d4 Re8 7. d5 Ne7 8. c4 c6 9. Ba4 cxd5 10. cxd5 a6 11. Bg5 Ng6 12. Nbd2 $6 h6 {[#]} 13. Nc4 $5 Be7 $4 (13... Bb4 $1 14. Bd2 Bxd2 15. Ncxd2 Nf4 $15) 14. Bd2 $6 {KB: sets up a bit of a nasty trick (EW: but there was much better!)} (14. Be3 $1 Bb4 15. Bb6 Qe7 16. Re3 $18) (14. d6 $5 {is better, too}) 14... b5 $4 15. Ba5 Bb4 16. Bxd8 Bxe1 17. Bxf6 Bb4 18. Ncxe5 gxf6 19. Nxg6 fxg6 20. Bc2 Bd6 21. Nh4 g5 22. Qh5 Kf8 23. Qxh6+ Ke7 24. Nf5+ Kd8 25. Nxd6 Rg8 26. Qh7 Rf8 27. Qg7 Re8 28. Nxe8 Kxe8 29. d6 1-0

[Event "2024 Summer TNM: u1200"]
[Site "San Francisco"]
[Date "2024.06.04"]
[Round "5.36"]
[White "Halle, Zachary"]
[Black "Singer, Andrew"]
[Result "0-1"]
[WhiteElo "751"]
[BlackElo "976"]
[PlyCount "110"]
[GameId "2053409329479732"]
[EventDate "2024.05.07"]
[EventType "swiss"]
[EventRounds "7"]
[EventCountry "USA"]

1. e4 c6 2. d4 d5 3. e5 Bf5 4. Nf3 e6 5. Be2 Ne7 6. O-O Nd7 7. c4 Qc7 8. Nc3 Bg6 9. cxd5 Nxd5 10. Nh4 Be7 11. Nxg6 hxg6 12. Be3 O-O 13. Nxd5 cxd5 14. Rc1 Qd8 15. Qd2 f6 16. f4 f5 17. Rf3 Kf7 18. a3 Rc8 19. Rff1 Nb6 20. Rxc8 Qxc8 21. Rc1 Qd7 22. Qa5 Qa4 23. Qxa4 Nxa4 24. Rc7 Nxb2 25. Rxb7 Nc4 26. Bxc4 dxc4 27. Rc7 Rb8 28. Kf2 Rb3 29. Bd2 Ke8 30. Rxc4 Rxa3 31. Bb4 Bxb4 32. Rxb4 a5 33. Rb7 Ra4 34. Ra7 Rxd4 35. Rxg7 Rxf4+ 36. Kg3 Re4 37. Rxg6 Rxe5 38. Rg7 a4 39. Ra7 Re4 40. h4 Rg4+ 41. Kh3 Kf8 42. h5 Kg8 43. g3 Rd4 44. h6 e5 45. Ra5 Re4 46. Kh2 Kh7 47. Ra6 a3 48. Rxa3 Kxh6 49. Rf3 Kg5 50. Kh3 f4 51. gxf4+ Rxf4 52. Rxf4 Kxf4 53. Kg2 Ke3 54. Kf1 Kd2 55. Kf2 e4 0-1

[Event "2024 Summer TNM: u1200"]
[Site "San Francisco"]
[Date "2024.06.04"]
[Round "5.37"]
[White "Dolan, Kevin"]
[Black "Wardle, Braxton"]
[Result "1-0"]
[WhiteElo "1084"]
[BlackElo "165"]
[Annotator "Wardle,Braxton"]
[PlyCount "43"]
[GameId "2053643399664169"]
[EventDate "2024.05.07"]
[EventType "swiss"]
[EventRounds "7"]
[EventCountry "USA"]

1. e4 c6 2. d4 d5 3. e5 c5 4. dxc5 e6 5. b4 $6 {I knew this move was incorrect, as I'd prepped the below two lines, which you'll see I fail to transpose into later. I obviously didn't know how to exploit.} (5. a3 Bxc5 6. b4 Be7) (5. Be3 Nd7 6. Bb5 Ne7) 5... b6 $6 (5... a5 {The critical move I missed, which would open up my rook and remove the c pawn's defender}) 6. Be3 $6 Nd7 $6 {Idea is to continue to put pressure on c5 but I missed that I should have just taken bxc5} 7. Bb5 Ne7 $4 {This move only works when Black hasn't played b6, leaving the pinned knight only defended by the Q and K} (7... bxc5 {Again the correct move is to just take on c5}) 8. Nf3 Nf5 $4 (8... bxc5) 9. c6 $1 {Brutal move from white, and effectively finishing the game as long as they can keep their advantage. White is up a full piece in the opening. The game continued for another 20 minutes but I knew that it was already essentially over unless I could come up with some crazy counter play} a6 $6 10. cxd7+ Bxd7 11. Bxd7+ Qxd7 12. a3 Qb5 13. Nc3 Qc4 14. Qd3 b5 15. Qxc4 bxc4 16. O-O Rd8 17. Nd4 Nh6 18. Bxh6 gxh6 19. Nce2 Bg7 20. f4 O-O 21. c3 f6 22. Nxe6 {This rook fork was too much for me after the opening disaster, Black resigns.} 1-0

[Event "2024 Summer TNM: Extra Games"]
[Site "San Francisco"]
[Date "2024.06.04"]
[Round "5"]
[White "Barreyro, Romeo Belmes"]
[Black "Agdamag, Samuel"]
[Result "1-0"]
[WhiteElo "1500"]
[BlackElo "1529"]
[PlyCount "109"]
[GameId "2053611582416781"]
[EventDate "2024.??.??"]

1. e4 d5 2. exd5 Qxd5 3. Nc3 Qd6 4. Nf3 Bg4 5. Be2 Nf6 6. d3 Nc6 7. O-O e6 8. Be3 Be7 9. Nb5 Qd7 10. h3 Bxf3 11. Bxf3 a6 12. Nc3 O-O 13. Ne4 Nd5 14. Bd2 Ne5 15. Be2 Rfd8 16. d4 Ng6 17. c3 Ndf4 18. Bf3 Rab8 19. Qc2 Qb5 20. b4 Qd3 21. Qxd3 Nxd3 22. g3 Nb2 23. Be2 b5 24. Bc1 Nc4 25. Bxc4 bxc4 26. Nd2 Rd6 27. Bb2 Rc6 28. a4 Bg5 29. f4 Be7 30. f5 Nf8 31. fxe6 Rxe6 32. Nxc4 Re2 33. Rf2 Rxf2 34. Kxf2 Ne6 35. Re1 Kf8 36. Ne5 Re8 37. d5 Nd8 38. Bc1 f6 39. Nd7+ Kf7 40. Bf4 Bd6 41. Bxd6 cxd6 42. Rxe8 Kxe8 43. Nb8 Nb7 44. Nxa6 Kd8 45. Ke3 Kc8 46. Kd4 Nd8 47. b5 Kb7 48. c4 Kb6 49. c5+ dxc5+ 50. Nxc5 Nf7 51. Nd7+ Kc7 52. Nf8 h5 53. Ne6+ Kb6 54. Nxg7 h4 55. gxh4 1-0